| 000 | 00969nam a2200229 i 4500 | ||
|---|---|---|---|
| 001 | bg | ||
| 100 | 1 | _aCETNAROWICZ, Krzysztof | |
| 245 | 1 | 0 |
_aProblemy projektowania i realizacji systemów wieloagentowych / _cKrzysztof Cetnarowicz. |
| 246 | 1 | 1 | _aProblems of multiagent systems development |
| 260 |
_aKraków : _bUczelniane Wydawnictwa Naukowo-Dydaktyczne AGH, _c1999. |
||
| 300 |
_a142, [1] s. : _brys., wykr. ; _c24 cm. |
||
| 490 | 1 |
_aRozprawy, Monografie / [Akademia Górniczo-Hutnicza im. Stanisława Staszica] = _aDissertations, Monographies, _x0867-6631 ; _v80 |
|
| 500 | _aTyt. równol. : Problems of multiagent systems development. - Streszcz. ang. | ||
| 504 | _aBibliogr. s. 132-[143]. | ||
| 650 | 9 |
_aSystemy informatyczne _xzagadnienia |
|
| 830 | 0 |
_aRozprawy, Monografie ([Akademia Górniczo-Hutnicza im. Stanisława Staszica]) ; _v80 |
|
| 040 | _cBPK | ||
| 041 | 0 |
_apl _ben |
|
| 080 | _a004 | ||
| 942 | _cKS | ||
| 008 | s pl f |000 0 pol | ||
| 999 |
_c38346 _d38346 |
||
| 856 |
_uhttp://koha.tu.koszalin.pl/cgi-bin/koha/opac-detail.pl?biblionumber=38346 _yKatalog online BPK |
||